000 00470cam a2200193ua 4500
001 5849
005 20260515113938.0
008 131031n ii |||gr||||Z||||||eng
020 _a81-208-0436-8
040 _cMAIN
082 _a934
245 _aAncient India
_cBy R.C. Majumdar
260 _aDelhi:
_bMotilal Banarsidass Publishers,
_c1998.
300 _axv,518p.
653 _aHistory
653 _aAncient India
700 _aMajumdar,R.C.,
_eAuthor.
942 _cBK
999 _c4998
_d4998